Dimensions of The War of Independence 1857 / (Record no. 528165)
[ view plain ]
| 000 -LEADER | |
|---|---|
| fixed length control field | 00392nam a22001457a 4500 |
| 003 - CONTROL NUMBER IDENTIFIER | |
| control field | NUST |
| 020 ## - INTERNATIONAL STANDARD BOOK NUMBER | |
| Qualifying information | H/B. |
| 038 ## - RECORD CONTENT LICENSOR | |
| Staff Name | waseem |
| 082 ## - DEWEY DECIMAL CLASSIFICATION NUMBER | |
| Classification number | 954.0317 |
| Author Mark | DIM |
| 100 ## - MAIN ENTRY--PERSONAL NAME | |
| Personal name | Chaudhary, Mohammad Akram |
| 9 (RLIN) | 19758 |
| 245 ## - TITLE STATEMENT | |
| Title | Dimensions of The War of Independence 1857 / |
| Statement of responsibility, etc. | Mohammad Akram Chaudhary |
| 260 ## - PUBLICATION, DISTRIBUTION, ETC. | |
| Place of publication, distribution, etc. | Sargodha : |
| Name of publisher, distributor, etc. | University of Sargodha, |
| Date of publication, distribution, etc. | 2008. |
| 300 ## - PHYSICAL DESCRIPTION | |
| Extent | 130 p. ; |
| 942 ## - ADDED ENTRY ELEMENTS (KOHA) | |
| Source of classification or shelving scheme | |
| Koha item type | Book |
| Withdrawn status | Lost status | Source of classification or shelving scheme | Damaged status | Not for loan | Permanent Location | Current Location | Date acquired | Source of acquisition | Total Checkouts | Full call number | Barcode | Date last seen | Price effective from | Koha item type | Date last checked out |
|---|---|---|---|---|---|---|---|---|---|---|---|---|---|---|---|
| Central Library (CL) | Central Library (CL) | 08/31/2019 | Donation | 954.0317 DIM | CL-D-474 | 08/31/2019 | 08/31/2019 | Book | |||||||
| Central Library (CL) | Central Library (CL) | 08/31/2019 | Donation | 1 | 954.0317 DIM | CL-D-475 | 02/07/2025 | 08/31/2019 | Book | 11/30/2024 |
